000 00314nam a22001457a 4500
020 _a0-380-51094-4
082 _a823
_bDEB/B
100 _aDEBORAH
100 _aHOWE, JAMES
245 _aBUNNICULA
260 _aNEW YORK
_bAVON BOOKS
_c1979
300 _a98
650 _aSHORT STORIES
_zUNITED STATES
942 _cBK
999 _c3018
_d3018